Revista de derecho procesal 2023 - 1 : gestión e innovación en el proceso /

Guardado en:
Formato: Libro
Idioma:Spanish
Publicado: Santa Fe : Rubinzal Culzoni, 2023.
Edición:1a. ed. rev.
Materias:
Etiquetas: Agregar Etiqueta
Sin Etiquetas, Sea el primero en etiquetar este registro!
LEADER 00516nam a22001575a 4500
001 DER.der015428
008 251104s2023####ag#||||||||||||||#||spa||
005 20251104151300.0
245 1 0 |a Revista de derecho procesal 2023 - 1 :  |b gestión e innovación en el proceso /  |c Roland Arazi. 
250 |a 1a. ed. rev. 
260 |a Santa Fe :  |b Rubinzal Culzoni,  |c 2023. 
300 |a 766 p. 
020 |a 9789873047527 
700 1 |a Arazi, Roland.,  |e dir. 
650 7 |a DERECHO PROCESAL CIVIL 
859 |a DERECHO  |b BIB. DERECHO  |h 347.05  |i REV  |p 0010713